| 000 | 00612nam a2200217 i 4500 | ||
|---|---|---|---|
| 001 | 54034 | ||
| 003 | ES-MaACL | ||
| 005 | 20250303062540.0 | ||
| 007 | t| | ||
| 008 | 031121s2002 sp |||| | spa d | ||
| 020 | _a84-931465-7-9 | ||
| 040 |
_aM-BN _bspa _cM-BN |
||
| 080 | _a821.134.2-34"18" | ||
| 100 | 1 |
_aPardo Bazán, Emilia, _cCondesa de, _d1851-1921 _9176434 |
|
| 245 | 1 | 0 |
_aCuentos sangrientos / _cEmilia Pardo Bazán ; introducción de Tonina Paba. |
| 260 |
_aMadrid : _bBercimuel, _c[2002] |
||
| 300 |
_a247 p ; _c18 cm. |
||
| 852 |
_aES-MaACL _jL-26690 |
||
| 942 | _2udc | ||
| 999 |
_c54034 _d54034 |
||